| 000 | 00560nam a2200205Ia 4500 | ||
|---|---|---|---|
| 003 | OSt | ||
| 005 | 20230403111723.0 | ||
| 008 | 210423s1997 xx 000 0 und d | ||
| 020 | _a0-06-017328-9 | ||
| 040 | _cAL | ||
| 041 | _aeng | ||
| 082 |
_a813.54 _223 _bWELD |
||
| 100 |
_aWELLS (Rebecca) _982452 |
||
| 245 | _aDivine secrets of the ya ya sisterhood: a novel | ||
| 260 |
_aNew York _bHarper Perennial _c1997 |
||
| 300 |
_ax,356 _bPB |
||
| 650 |
_aAmerican Fiction _982453 |
||
| 906 | _aDivine ; novel ; secrets ; sisterhood: ; ya | ||
| 942 |
_2ddc _cBK |
||
| 999 |
_c169071 _d169071 |
||